000 00681nam a2200205Ia 4500
003 GCL
005 20240530095317.0
008 140319s9999 xx 000 0 ara d
040 _aGCL /
_cGCL
082 0 4 _a379.62
_bق/ك ت
100 1 _aكمال حامد مغيث
245 1 0 _aالتعليم وحقوق الانسان فى مصر /
_cكمال حامد مغيث
250 _aالاولى
260 _aالقاهرة :
_bمركز الدراسات والمعلومات القانونية ،
_c1997
300 _a129 ص ؛
_c18 سم
650 0 4 _aحقوق الانسان
650 0 4 _aالتعليم - مصر
700 1 _aالهام عبدالحميد
942 _2ddc
_cBK
999 _c6043
_d6043